Eliteserien 2025 First XI - Statistics

General Stats
  • This quiz has been taken 40 times
  • The average score is 36 of 176
Answer Stats
Club Position Nationality Player % Correct
Bodø/Glimt FW Jens Petter Hauge
70%
Bodø/Glimt FW Kasper Waarst Høgh
70%
Bodø/Glimt CM Patrick Berg
70%
Bodø/Glimt GK Nikita Haikin
67%
Viking RW Zlatko Tripić
67%
Bodø/Glimt LB Fredrik André Bjørkan
57%
Brann FW Mads Hansen
57%
Brann GK Mathias Dyngeland
57%
Brann FW Niklas Castro
57%
Bodø/Glimt RB Fredrik Sjøvold
50%
Bodø/Glimt CM Håkon Evjen
50%
Bodø/Glimt FW Ole Didrik Blomberg
50%
Bodø/Glimt CB Jostein Gundersen
47%
Brann RB Denzel De Roeve
43%
Brann CB Fredrik Pallesen Knudsen
43%
Viking DM Joe Bell
43%
Bodø/Glimt CM Ulrik Saltnes
43%
Brann FW Aune Heggebø
40%
Rosenborg FW Dino Islamović
40%
Brann CB Eivind Helland
40%
Brann CM Emil Kornvig
40%
Brann CM Felix Myhre
40%
Brann LB Joachim Soltvedt
40%
Bodø/Glimt CB Odin Lurås Bjørtuft
40%
Rosenborg GK Sander Tangvik
40%
Viking AM Edvin Austbø
37%
Molde FW Magnus Wolff Eikrem
37%
Vålerenga CB Aaron Olsen
33%
Viking GK Arild Østbø
33%
Sarpsborg 08 AM Daniel Karlsbakk
33%
Vålerenga AM Elias Sørensen
33%
Sarpsborg 08 FW Jo Inge Berget
33%
Fredrikstad GK Jonathan Fischer
33%
Kristiansund CB Marius Olsen
33%
Haugesund CB Mikkel Fischer
33%
Rosenborg RB Adrian Pereira
30%
Bryne LM Duarte Moreira
30%
Strømsgodset LB Fredrik Dahl
30%
Tromsø CB Anders Jenssen
27%
Vålerenga DM Brice Ambina
27%
Viking CB Henrik Falchener
27%
Molde GK Jacob Karlstrom
27%
Haugesund CB Madiodio Dia
27%
Sarpsborg 08 GK Mamour Ndiaye
27%
Rosenborg FW Noah Holm
27%
Tromsø CM Ruben Yttergård Jenssen
27%
Rosenborg LB Ulrik Yttergård Jenssen
27%
Rosenborg FW Emil Ceide
23%
Molde FW Fredrik Gulbrandsen
23%
Vålerenga LW Henrik Bjørdal
23%
Tromsø GK Jakob Haugaard
23%
Molde RM Kristian Eriksen
23%
Molde LB Kristoffer Haugen
23%
Brann CM Mads Sande
23%
Vålerenga GK Magnus Sjøeng
23%
Rosenborg CB Mikkel Ceide
23%
KFUM Oslo CB Momodou Lion Njie
23%
KFUM Oslo LM Moussa Njie
23%
Sarpsborg 08 AM Sondre Ørjasæter
23%
Sandefjord FW Stefán Ingi Sigurðarson
23%
Viking CB Anders Bærtelsen
20%
KFUM Oslo GK Emil Ødegaard
20%
Strømsgodset CB Gustav Valsvik
20%
Sandefjord AM Loris Mettler
20%
Rosenborg CM Marius Broholm
20%
Fredrikstad CB Maxwell Woledzi
20%
Sarpsborg 08 CB Menno Koch
20%
Vålerenga FW Muamer Brajanac
20%
Vålerenga LB Noah Pallas
20%
Strømsgodset GK Per Kristian Bråtveit
20%
Sandefjord CB Stian Kristiansen
20%
Tromsø CB Tobias Guddal
20%
Sarpsborg 08 DM Aimar Sher
17%
Haugesund GK Amund Wichne
17%
Sarpsborg 08 RB Eirik Wichne
17%
Sandefjord GK Elias Hadaya
17%
Molde CM Emil Breivik
17%
Viking RB Henrik Heggheim
17%
Fredrikstad FW Henrik Skogvold
17%
Strømsgodset DM Herman Stengel
17%
Viking FW Hilmir Mikaelsson
17%
Kristiansund RB Ian Hoffmann
17%
Sandefjord LW Jakob Dunsby
17%
Bryne GK Jan de Boer
17%
Tromsø CM Jens Hjertø-Dahl
17%
Strømsgodset CB Jesper Tåje
17%
HamKam FW Kristian Strømland Lien
17%
Tromsø RB Leo Cornic
17%
Sarpsborg 08 LB Sander Christiansen
17%
Vålerenga CB Sebastian Jarl
17%
KFUM Oslo CM Simen Hestnes
17%
Fredrikstad LB Simen Rafn
17%
HamKam RB Snorre Strand Nilsen
17%
KFUM Oslo CM Sverre Sandal
17%
Fredrikstad CB Ulrik Fredriksen
17%
Tromsø FW Vegard Erlien
17%
Sarpsborg 08 DM Victor Halvorsen
17%
Kristiansund GK Adrian Sæther
13%
Bryne RM Alfred Scriven
13%
Haugesund DM Bruno Leite
13%
Vålerenga AM Carl Lange
13%
Viking AM Christian Cappis
13%
Fredrikstad RB Daniel Eid
13%
Fredrikstad FW Emil Holten
13%
Sandefjord RW Evangelos Patoulidis
13%
Fredrikstad CB Fallou Fall
13%
Sarpsborg 08 CB Franklin Tebo
13%
Vålerenga RB Håkon Sjåtil
13%
Molde RB Halldor Stenevik
13%
Sarpsborg 08 AM Harald Tangen
13%
Haugesund FW Ismaël Seoné
13%
Rosenborg CM Iver Fossum
13%
Tromsø FW Jakob Romsaas
13%
Bryne CB Jens Husebø
13%
Strømsgodset DM Kreshnik Krasniqi
13%
Fredrikstad CM Leonard Owusu
13%
Kristiansund LW Mustapha Isah
13%
Fredrikstad CM Patrick Metcalfe
13%
Kristiansund AM Ruben Alte
13%
Viking LW Sander Svendsen
13%
Bryne FW Sanel Bojadzic
13%
Rosenborg CM Santeri Väänänen
13%
Rosenborg CB Tomáš Nemčík
13%
Sandefjord LB Vetle Egeli
13%
HamKam LB Viðar Ari Jónsson
13%
Kristiansund FW Alioune Ndour
10%
Strømsgodset RB Bent Sørmo
10%
Haugesund RB Claus Niyukuri
10%
Kristiansund CB Dan Peter Ulvestad
10%
Strømsgodset FW Elias Hoff Melkersen
10%
Sandefjord DM Filip Ottosson
10%
HamKam CB Gustav Granath
10%
Strømsgodset AM Jonas Therkelsen
10%
Strømsgodset AM Logi Tómasson
10%
Molde CM Mads Enggård
10%
Vålerenga RW Magnus Riisnæs
10%
Strømsgodset AM Marcus Mehnert
10%
Sandefjord CB Martin Gjone
10%
Viking LB Martin Ove Roseth
10%
Haugesund LB Oscar Krusnell
10%
Fredrikstad CM Oskar Øhlenschlæger
10%
Haugesund AM Parfait Bizoza
10%
Tromsø LB Runar Norheim
10%
Sandefjord AM Sander Risan Mørk
10%
Molde CB Valdemar Lund
10%
Tromsø CB Vetle Skjærvik
10%
Kristiansund DM Wilfred Igor
10%
KFUM Oslo RB Amin Nouri
7%
HamKam CB Brynjar Ingi Bjarnason
7%
KFUM Oslo LB David Hickson Gyedu
7%
Kristiansund RW David Tufekcic
7%
Sandefjord RB Filip Loftesnes-Bjune
7%
HamKam CB Fredrik Sjølstad
7%
HamKam CM Gard Simenstad
7%
Haugesund RW Ismael Petcho Camara
7%
Bryne CB Jacob Steffensen
7%
KFUM Oslo FW Johannes Nunez Godoy
7%
HamKam FW Julian Gonstad
7%
Tromsø CM Kent-Are Antonsen
7%
KFUM Oslo CB Mathias Tønnessen
7%
Kristiansund LB Mikkel Rakneberg
7%
Bryne CM Nicklas Strunck
7%
Haugesund LW Sander Innvær
7%
Bryne FW Sjur Jonassen
7%
KFUM Oslo RM Teodor Haltvik
7%
HamKam GK Alexander Nilsson
3%
Bryne RB Axel Kryger
3%
KFUM Oslo CB Daniel Schneider
3%
Bryne CM Lars Erik Sødal
3%
Bryne LB Lasse Qvigstad
3%
Molde LM Markus Andreas Kaasa
3%
HamKam CM Markus Johnsgård
3%
Molde CB Martin Bjørnbak
3%
Haugesund AM Morten Konradsen
3%
Kristiansund AM Rezan Corlu
3%
HamKam CM Tore André Sørås
3%
No matching quizzes found
Score Distribution
Percent of People with Each Score
Percentile by Number Answered
Your Score History
You have not taken this quiz